[Event "Championnat de France - Veterans"]
[Site "Val d'Isere"]
[Date "2002.08.??"]
[Round "10.2"]
[White "Huguet, Bernard"]
[Black "Weill, Roland"]
[Result "1/2-1/2"]
[WhiteElo "2168"]
[BlackElo "2251"]
[PlyCount "48"]
[EventDate "2002.08.??"]
[SourceDate "2002.08.20"]

1. c4 g6 2. Nc3 Bg7 3. g3 d6 4. Bg2 e5 5. e4 Ne7 6. Nge2 O-O 7. O-O Be6 8. d3
Qd7 9. Be3 Bh3 10. d4 Bxg2 11. Kxg2 Nbc6 12. b3 f5 13. dxe5 Nxe5 14. f4 Ng4 15.
Bd4 Nc6 16. Bg1 fxe4 17. Qd5+ Kh8 18. Qxe4 Rae8 19. Qd3 Nb4 20. Qd2 Qc6+ 21.
Kh3 Qd7 22. Kg2 Qc6+ 23. Kh3 Qd7 24. Kg2 Qc6+ 1/2-1/2

[Event "Championnat de France - Veterans"]
[Site "Val d'Isere"]
[Date "2002.08.??"]
[Round "10.3"]
[White "Cousin, Philippe"]
[Black "Hoyer, Hans-Gerd"]
[Result "0-1"]
[WhiteElo "2138"]
[BlackElo "2153"]
[PlyCount "70"]
[EventDate "2002.08.??"]
[SourceDate "2002.08.20"]

1. d4 g6 2. Nf3 Bg7 3. c4 d6 4. Nc3 Bg4 5. e4 Nc6 6. Be3 e5 7. d5 Nd4 8. Be2
Bxf3 9. Bxf3 c5 10. dxc6 bxc6 11. O-O Ne7 12. b4 O-O 13. c5 d5 14. exd5 Nxf3+
15. Qxf3 cxd5 16. Nb5 e4 17. Qd1 Bxa1 18. Qxa1 Nf5 19. Bf4 g5 20. Bc7 Qe7 21.
g4 Nh4 22. Bd6 Qd7 23. h3 Nf3+ 24. Kg2 Qxb5 25. Qf6 Rfe8 26. Rd1 Re6 27. Qb2
Rxd6 28. cxd6 Qc6 29. Qf6 Re8 30. a4 a6 31. Rb1 Qd7 32. Rc1 Qd8 33. Qxd8 Rxd8
34. Rc6 d4 35. Kf1 d3 0-1

[Event "Championnat de France - Veterans"]
[Site "Val d'Isere"]
[Date "2002.??.??"]
[Round "10.4"]
[White "Vernadet, Jacques"]
[Black "Labarthe, Arnaud"]
[Result "0-1"]
[WhiteElo "2040"]
[BlackElo "2050"]
[PlyCount "140"]
[EventDate "2002.08.??"]
[SourceDate "2002.08.20"]

1. e4 d5 2. exd5 Nf6 3. c4 e6 4. dxe6 Bxe6 5. d4 Bb4+ 6. Nc3 Ne4 7. Qa4+ Nc6 8.
d5 Bxd5 9. Qc2 O-O 10. cxd5 Qf6 11. Nf3 Nxc3 12. a3 Rfe8+ 13. Be3 Nxd5+ 14.
axb4 Nxe3 15. fxe3 Rxe3+ 16. Kf2 Rae8 17. Kg1 Nxb4 18. Qd2 Qb6 19. Qd4 Rxf3 20.
Qxb6 Rxf1+ 21. Kxf1 axb6 22. Ra7 Nd3 23. g3 Nxb2 24. Rxb7 Rc8 25. Ke2 Na4 26.
Kf3 Kf8 27. Ra7 Nc5 28. Re1 Ne6 29. Rb1 Ke8 30. Ke4 Rd8 31. Rb4 Rd7 32. Rb2 Ke7
33. Ke3 Nc5 34. Ke2 g6 35. Ra3 Rd5 36. Re3+ Ne6 37. Rb4 Kd6 38. Rc3 Nd4+ 39.
Kf2 b5 40. Ra3 Kc5 41. Rb1 Rf5+ 42. Kg2 c6 43. Rd1 Kb4 44. Re3 c5 45. Rb1+ Kc4
46. Rc1+ Kd5 47. Re8 Rf6 48. Re7 Kd6 49. Ra7 Kd5 50. Rd7+ Rd6 51. Rxf7 h5 52.
Rf2 c4 53. Rd2 Kc5 54. Ra2 Nb3 55. Rcc2 b4 56. Rab2 Kb5 57. Re2 Nc5 58. Re8 Rb6
59. Re3 b3 60. Rd2 Kb4 61. Kf2 Re6 62. Rxe6 Nxe6 63. Re2 Nc5 64. Ke1 c3 65. Kd1
c2+ 66. Kd2 Nd3 67. Re4+ Ka3 68. Rc4 c1=Q+ 69. Rxc1 Nxc1 70. Kxc1 Ka2 0-1

[Event "Championnat de France - Veterans"]
[Site "Val d'Isere"]
[Date "2002.08.??"]
[Round "10.5"]
[White "Rosenfeld, Imre"]
[Black "Brosser, Claude"]
[Result "0-1"]
[WhiteElo "1990"]
[BlackElo "1750"]
[PlyCount "116"]
[EventDate "2002.08.??"]
[SourceDate "2002.08.20"]

1. d4 f5 2. Bg5 h6 3. Bh4 g5 4. Bg3 Nf6 5. e3 Bg7 6. Bd3 d6 7. Nd2 Nc6 8. c3 e5
9. dxe5 dxe5 10. Qe2 Qe7 11. h3 Bd7 12. O-O-O O-O-O 13. Nb3 f4 14. Bh2 Be6 15.
e4 Rd7 16. f3 Rhd8 17. Bc2 Rxd1+ 18. Bxd1 Ne8 19. Qc2 b6 20. Ne2 Nd6 21. Nd2
Nc4 22. Nxc4 Bxc4 23. Re1 Qc5 24. Bg1 Qa5 25. Qa4 Bb5 26. Qxa5 Nxa5 27. b3 Bf8
28. c4 Ba3+ 29. Kc2 Nxc4 30. Kc3 Nb2 31. Bc2 a5 32. Bf2 Bb4+ 33. Kxb2 Bxe1 34.
Bxe1 Bxe2 35. Bc3 Re8 36. b4 axb4 37. Bxb4 Bf1 38. Ba4 b5 39. Bb3 Bxg2 40. Bf7
Rd8 41. Be7 Bxf3 42. Be6+ Rd7 43. Bf8 h5 44. Bg7 Bxe4 45. Bxe5 f3 46. Bg3 h4
47. Bf2 Kd8 48. Bxd7 Kxd7 49. a3 Kd6 50. Kc3 c5 51. Kd2 Kd5 52. Be3 g4 53. hxg4
h3 54. Bf4 c4 55. Ke3 c3 56. Kf2 c2 57. Kg3 h2 58. Kxh2 f2 0-1